01224nam a22001697a 4500003000900000008004100009040007100050082001900121110003400140245006300174260005300237300001700290505067100307650001300978650004200991650002101033AR-CdUCM190313b ||||| |||| 00| 0 spa d aMUNICIPALIDAD PROVINCIAL DEL CUSCOcBIBLIOTECA MUNICIPAL DEL CUSCO a985.008 /bB52 aEditores Técnicos Asociados aBiblioteca peruana :bEl Perú a través de los siglos / aLima :bEdit. Litográfica La Confianza,c1968. a3 t.c26 cm. aContenido: t.1. La relación Sámano Xerez (1524). La crónica rimada. Carta de Hernando Pizarro a la Audiencia de Santo Domingo. La conquista del Perú, llamada la Nueva Castilla. Relación francesa de la conquista del Perú. Verdadera relación de la conquista de la Nueva Castilla. Relación para su Majestad. Noticia del Perú. "La advertencia". Relación del descubrimiento y conquista del Perú -- t.2. Relación del descubrimiento del reyno del Perú. Historia del descubrimiento y conquista del Perú. Crónica de la conquista del Perú -- t.3. El Señorío de los Incas. Suma y narración de los incas. Conquista y población del Perú. aHistoria aDescubrimiento y Conquista, 1519-1536 aÉpoca Colonial